[Event "I Memorial Oliver Gonzalez Somoza"]
[Site "Madrid ESP"]
[Date "2010.10.13"]
[Round "5.16"]
[White "Hernando Pertierra, Jose Carlos"]
[Black "Hernandez Yañez, Javier"]
[Result "1-0"]
[WhiteElo "2386"]
[BlackElo "1955"]
[PlyCount "90"]
[EventDate "2010.10.09"]
[EventType "swiss"]
[EventRounds "9"]
[EventCountry "ESP"]
[Source "lmi"]
[SourceDate "2010.10.09"]

1. Nf3 Nf6 2. c4 g6 3. b3 Bg7 4. Bb2 O-O 5. g3 c6 6. Bg2 d5 7. O-O h6 8. d3 Re8
9. Qc2 Bf5 10. h3 g5 11. Nc3 Nbd7 12. Rfc1 e6 13. e4 Bg6 14. Qe2 a6 15. Rd1 Rb8
16. Rac1 b5 17. c5 Bf8 18. b4 Bg7 19. a3 Qc7 20. Re1 Ra8 21. h4 g4 22. Nd2 a5
23. e5 Nh7 24. d4 axb4 25. axb4 h5 26. Ra1 Bf5 27. Nb3 f6 28. f4 gxf3 29. Bxf3
Bg4 30. Bxg4 hxg4 31. Rxa8 Rxa8 32. Qxg4 f5 33. Qh5 Rf8 34. Ne2 Qd8 35. Nf4 Re8
36. Ra1 Nhf8 37. Na5 Nb8 38. Nb7 Qe7 39. Nd6 Rd8 40. Kf2 Bh8 41. Ra8 Bg7 42.
Bc1 Nbd7 43. Ra7 Bh8 44. Ng6 Qg7 45. Nxh8 Qxh8 1-0

[Event "I Memorial Oliver Gonzalez Somoza"]
[Site "Madrid ESP"]
[Date "2010.10.13"]
[Round "5.17"]
[White "Perez Gonzalez, Jose Manuel"]
[Black "Julian Serra, Rogelio"]
[Result "1-0"]
[WhiteElo "2318"]
[BlackElo "2064"]
[PlyCount "89"]
[EventDate "2010.10.09"]
[EventType "swiss"]
[EventRounds "9"]
[EventCountry "ESP"]
[Source "lmi"]
[SourceDate "2010.10.09"]

1. e4 d5 2. exd5 Nf6 3. d4 Nxd5 4. c4 Nb6 5. Nf3 Bg4 6. c5 N6d7 7. Bc4 e6 8. h3
Bxf3 9. Qxf3 Nc6 10. Be3 Qf6 11. Qxf6 Nxf6 12. Nc3 O-O-O 13. Rd1 Ne7 14. Bg5
Nfd5 15. Nxd5 exd5 16. Bd3 h6 17. Be3 g6 18. h4 Nf5 19. Bxf5+ gxf5 20. Rh3 Rg8
21. Kf1 Rg4 22. h5 Be7 23. Rf3 Bg5 24. Rxf5 Bxe3 25. fxe3 Rdg8 26. Rd2 R8g5 27.
Rxf7 Rxh5 28. Rdf2 Rhg5 29. Rh7 Rg7 30. Rxh6 Kd7 31. Rhf6 Ke7 32. R6f5 c6 33.
Rh5 Rg3 34. Re2 Rf7+ 35. Kg1 Rfg7 36. Kh2 Ke6 37. Rh3 R3g4 38. Rf2 Ke7 39. g3
Re4 40. Rf3 Kd7 41. Rh4 Re6 42. Kg2 Kc7 43. Rhf4 Rge7 44. Kf2 Rh6 45. Rf7 1-0

[Event "I Memorial Oliver Gonzalez Somoza"]
[Site "Madrid ESP"]
[Date "2010.10.13"]
[Round "5.19"]
[White "Paredes Sanchez, Juan"]
[Black "Avendaño Mateos, Jose"]
[Result "1-0"]
[WhiteElo "2206"]
[BlackElo "1992"]
[PlyCount "45"]
[EventDate "2010.10.09"]
[EventType "swiss"]
[EventRounds "9"]
[EventCountry "ESP"]
[Source "lmi"]
[SourceDate "2010.10.09"]

1. e4 c6 2. d4 d5 3. Nc3 dxe4 4. Nxe4 Nd7 5. Ng5 Ngf6 6. Bd3 e6 7. N1f3 Bd6 8.
O-O h6 9. Ne4 Nxe4 10. Bxe4 Nf6 11. Bd3 O-O 12. c3 b6 13. Ne5 Qc7 14. Re1 Bb7
15. Qf3 c5 16. Qh3 Bxe5 17. dxe5 Nh7 18. Bf4 c4 19. Bc2 f5 20. exf6 Qxf4 21.
Qxe6+ Rf7 22. Bxh7+ Kxh7 23. Qxf7 1-0

[Event "I Memorial Oliver Gonzalez Somoza"]
[Site "Madrid ESP"]
[Date "2010.10.13"]
[Round "5.20"]
[White "Castaño, Henry Augusto"]
[Black "Bolea Jover, Jose"]
[Result "1-0"]
[WhiteElo "2205"]
[BlackElo "1909"]
[PlyCount "141"]
[EventDate "2010.10.09"]
[EventType "swiss"]
[EventRounds "9"]
[EventCountry "ESP"]
[Source "lmi"]
[SourceDate "2010.10.09"]

1. e4 d5 2. exd5 Nf6 3. Bb5+ Bd7 4. Be2 Nxd5 5. d4 Bf5 6. Nf3 e6 7. O-O Nd7 8.
c4 N5b6 9. Nc3 Be7 10. a3 c6 11. Bf4 Nf6 12. b4 O-O 13. Qb3 Ne4 14. Rfd1 Nxc3
15. Qxc3 Bg4 16. h3 Bxf3 17. Qxf3 Bf6 18. Qe4 Re8 19. a4 Qe7 20. a5 Nd7 21. a6
bxa6 22. Bg3 Rec8 23. c5 Nb8 24. b5 axb5 25. Bxb5 a6 26. Bd3 g6 27. Rdb1 Nd7
28. Bd6 Qe8 29. Bxa6 Rd8 30. Bb7 Rxa1 31. Rxa1 Nb8 32. Rd1 Qd7 33. Rb1 Be7 34.
Be5 f6 35. Bf4 Kf7 36. Be3 f5 37. Qc2 Bf6 38. Qb3 Kg7 39. Rd1 Re8 40. Bf4 Bxd4
41. Be5+ Bxe5 42. Rxd7+ Nxd7 43. Bxc6 Rb8 44. Qc2 Nxc5 45. g3 Nb3 46. Qc4 Na5
47. Qxe6 Nxc6 48. Qxc6 Rf8 49. Qe6 Bf6 50. Kg2 Rf7 51. Kf3 Re7 52. Qd6 Re8 53.
g4 Re7 54. Kg2 fxg4 55. hxg4 h6 56. f4 Kf7 57. Kf3 Kg7 58. Qc5 Rf7 59. Kg3 g5
60. f5 Re7 61. Kf3 Kf7 62. Qc1 Bg7 63. Qc4+ Kf8 64. Qc6 Rf7 65. Qc8+ Ke7 66.
Ke4 Rf6 67. Qg8 Rf7 68. Kd3 Bf8 69. Ke4 Bg7 70. Qb8 Rf8 71. Qc7+ 1-0

[Event "I Memorial Oliver Gonzalez Somoza"]
[Site "Madrid ESP"]
[Date "2010.10.13"]
[Round "5.21"]
[White "Alonso Garuti, Luis E"]
[Black "Semprun Martinez, Fernando"]
[Result "0-1"]
[WhiteElo "1957"]
[BlackElo "2173"]
[PlyCount "28"]
[EventDate "2010.10.09"]
[EventType "swiss"]
[EventRounds "9"]
[EventCountry "ESP"]
[Source "lmi"]
[SourceDate "2010.10.09"]

1. e4 c5 2. Nf3 Nc6 3. d4 cxd4 4. Nxd4 g6 5. Bc4 Bg7 6. Be3 Nf6 7. f3 O-O 8.
Nc3 Qb6 9. Ncb5 a6 10. Qd2 axb5 11. Nxb5 Qa5 12. c3 Ne5 13. Be2 d6 14. g4 Nxf3+
0-1

[Event "I Memorial Oliver Gonzalez Somoza"]
[Site "Madrid ESP"]
[Date "2010.10.13"]
[Round "5.25"]
[White "Madurga Lopez, Ignacio"]
[Black "Taboas Rodriguez, Daniel"]
[Result "0-1"]
[WhiteElo "2010"]
[BlackElo "2381"]
[PlyCount "34"]
[EventDate "2010.10.09"]
[EventType "swiss"]
[EventRounds "9"]
[EventCountry "ESP"]
[Source "lmi"]
[SourceDate "2010.10.09"]

1. e4 e5 2. Nf3 d6 3. Nc3 Nf6 4. d4 Nbd7 5. g4 Nxg4 6. Rg1 Ngf6 7. Bc4 h6 8.
Be3 Qe7 9. Qd3 Nb6 10. Bb3 Be6 11. dxe5 dxe5 12. Qb5+ Nfd7 13. Nxe5 c6 14. Qa5
Bxb3 15. Nxd7 Nc4 16. Qf5 Nxe3 17. fxe3 Be6 0-1

[Event "I Memorial Oliver Gonzalez Somoza"]
[Site "Madrid ESP"]
[Date "2010.10.14"]
[Round "6.1"]
[White "Korneev, Oleg"]
[Black "Lariño Nieto, David"]
[Result "1-0"]
[WhiteElo "2556"]
[BlackElo "2451"]
[PlyCount "95"]
[EventDate "2010.10.09"]
[EventType "swiss"]
[EventRounds "9"]
[EventCountry "ESP"]
[Source "lmi"]
[SourceDate "2010.10.09"]

1. e4 e6 2. d4 d5 3. Nc3 Nf6 4. e5 Nfd7 5. f4 c5 6. Nf3 Nc6 7. Be3 a6 8. Qd2
cxd4 9. Nxd4 Bc5 10. O-O-O O-O 11. Qf2 Nxd4 12. Bxd4 b6 13. Kb1 Bb7 14. Be2 Qc7
15. Rhf1 b5 16. Bd3 Bxd4 17. Qxd4 Qc5 18. Ne2 f6 19. exf6 gxf6 20. c3 Rf7 21.
Bc2 Qxd4 22. cxd4 Kf8 23. Ng1 Ke7 24. Nf3 Kd6 25. g4 h6 26. h4 Rg8 27. Rg1 e5
28. dxe5+ fxe5 29. fxe5+ Nxe5 30. Nxe5 Kxe5 31. g5 hxg5 32. Rxg5+ Rxg5 33. hxg5
Bc6 34. Re1+ Kd6 35. g6 Re7 36. Rxe7 Kxe7 37. Kc1 Kf6 38. Kd2 d4 39. Kd3 Kxg6
40. Kxd4+ Kf6 41. Kc5 Bd7 42. Be4 Ke5 43. Bc6 Bf5 44. b4 Ke6 45. Bb7 Bb1 46. a3
a5 47. bxa5 Kd7 48. Kb6 1-0

[Event "I Memorial Oliver Gonzalez Somoza"]
[Site "Madrid ESP"]
[Date "2010.10.14"]
[Round "6.2"]
[White "Strikovic, Aleksa"]
[Black "Moreno Ruiz, Javier"]
[Result "1-0"]
[WhiteElo "2560"]
[BlackElo "2491"]
[PlyCount "121"]
[EventDate "2010.10.09"]
[EventType "swiss"]
[EventRounds "9"]
[EventCountry "ESP"]
[Source "lmi"]
[SourceDate "2010.10.09"]

1. c4 c5 2. Nf3 g6 3. d4 cxd4 4. Nxd4 Nc6 5. e4 Nf6 6. Nc3 d6 7. Be2 Nxd4 8.
Qxd4 Bg7 9. Be3 O-O 10. Qd2 a5 11. O-O a4 12. Rab1 Qa5 13. Rfc1 Be6 14. f3 Rfc8
15. b4 axb3 16. axb3 Qb4 17. Rc2 Nd7 18. Nd5 Qxd2 19. Rxd2 Kf8 20. b4 Ra3 21.
Kf2 f5 22. c5 fxe4 23. fxe4 Bxd5 24. exd5 Rxe3 25. Bg4 Rd8 26. Kxe3 Bh6+ 27.
Ke2 Nf6 28. Be6 Bxd2 29. c6 Nxd5 30. Rf1+ Kg7 31. Rf7+ Kh6 32. Bxd5 bxc6 33.
Kxd2 cxd5 34. Rxe7 Rc8 35. Re1 Rb8 36. Kc3 Kg5 37. Rb1 Rb5 38. Rf1 h5 39. g3
Kg4 40. Rf2 g5 41. Rb2 Kf3 42. Rd2 Ke3 43. Rd4 Kf3 44. Kb3 Ke3 45. Rd1 d4 46.
Kc4 Rb6 47. Rd3+ Kf2 48. Rxd4 g4 49. Rd5 h4 50. gxh4 Kg2 51. Rd2+ Kh3 52. h5
d5+ 53. Kc5 Rh6 54. Kxd5 Rxh5+ 55. Kc4 Rh4 56. Kb3 Rh5 57. Ka4 Rh8 58. b5 Ra8+
59. Kb4 Ra1 60. b6 Rh1 61. Rb2 1-0

[Event "I Memorial Oliver Gonzalez Somoza"]
[Site "Madrid ESP"]
[Date "2010.10.14"]
[Round "6.3"]
[White "Fedorchuk, Sergey A"]
[Black "Anton Guijarro, David"]
[Result "1-0"]
[WhiteElo "2671"]
[BlackElo "2403"]
[PlyCount "59"]
[EventDate "2010.10.09"]
[EventType "swiss"]
[EventRounds "9"]
[EventCountry "ESP"]
[Source "lmi"]
[SourceDate "2010.10.09"]

1. e4 e6 2. d4 d5 3. Nd2 Nf6 4. e5 Nfd7 5. Ngf3 c5 6. c3 Nc6 7. Bd3 Qb6 8. O-O
cxd4 9. cxd4 Nxd4 10. Nxd4 Qxd4 11. Nf3 Qb6 12. Qa4 Be7 13. Be3 Qb4 14. Qc2 Nc5
15. Bxh7 Bd7 16. Rac1 Rc8 17. Qb1 Bb5 18. Rfd1 g6 19. Rd4 Bc4 20. Bxg6 fxg6 21.
Rcxc4 Qxc4 22. Rxc4 dxc4 23. Qxg6+ Kd7 24. Nd4 a6 25. f4 Rhf8 26. f5 exf5 27.
e6+ Kd8 28. Nxf5 Rf6 29. Qg8+ Rf8 30. Qh7 1-0

[Event "I Memorial Oliver Gonzalez Somoza"]
[Site "Madrid ESP"]
[Date "2010.10.14"]
[Round "6.5"]
[White "Vazquez Igarza, Renier"]
[Black "Candela Perez, Jose"]
[Result "1-0"]
[WhiteElo "2535"]
[BlackElo "2390"]
[PlyCount "85"]
[EventDate "2010.10.09"]
[EventType "swiss"]
[EventRounds "9"]
[EventCountry "ESP"]
[Source "lmi"]
[SourceDate "2010.10.09"]

1. Nf3 Nf6 2. d4 g6 3. Bf4 Bg7 4. e3 d6 5. Be2 O-O 6. h3 Nbd7 7. O-O Qe8 8. c4
e5 9. Bh2 e4 10. Nfd2 Qe7 11. Nc3 c6 12. b4 Re8 13. c5 d5 14. b5 Nf8 15. bxc6
bxc6 16. Qa4 Qd7 17. Rab1 Ne6 18. Rb8 Rxb8 19. Bxb8 Ba6 20. Rb1 Bxe2 21. Nxe2
Re7 22. Bd6 Re8 23. Qa6 Ra8 24. Rb8+ Rxb8 25. Bxb8 Nh5 26. Qxa7 Qc8 27. Ng3 f5
28. Nxh5 gxh5 29. Bd6 f4 30. Qb8 Qxb8 31. Bxb8 fxe3 32. fxe3 Nxd4 33. exd4
Bxd4+ 34. Kf1 Bxc5 35. Nb3 Ba3 36. Nd4 c5 37. Nc2 Bc1 38. Ba7 c4 39. Be3 Bxe3
40. Nxe3 c3 41. Nc2 Kf7 42. Ke2 Ke6 43. Ke3 1-0

[Event "I Memorial Oliver Gonzalez Somoza"]
[Site "Madrid ESP"]
[Date "2010.10.14"]
[Round "6.7"]
[White "Gemy, Jose Daniel"]
[Black "Vila Gazquez, Xavier"]
[Result "1-0"]
[WhiteElo "2325"]
[BlackElo "2478"]
[PlyCount "115"]
[EventDate "2010.10.09"]
[EventType "swiss"]
[EventRounds "9"]
[EventCountry "ESP"]
[Source "lmi"]
[SourceDate "2010.10.09"]

1. d4 Nf6 2. Nf3 g6 3. e3 Bg7 4. a3 O-O 5. b4 a5 6. b5 d5 7. a4 c5 8. Bb2 Nbd7
9. c4 Re8 10. Nbd2 cxd4 11. exd4 dxc4 12. Nxc4 Nd5 13. Be2 Nf4 14. O-O Nb6 15.
Ne3 Be6 16. Re1 Nxe2+ 17. Rxe2 Rc8 18. Rc2 Nc4 19. Nxc4 Rxc4 20. Rxc4 Bxc4 21.
Qc2 Bd5 22. Ne5 Qc8 23. Qc3 f6 24. Nd3 Qxc3 25. Bxc3 b6 26. Nf4 Bc4 27. d5 Bh6
28. Bd2 Kf7 29. Be3 Bb3 30. g3 Rb8 31. Ra3 Bc2 32. f3 Rb7 33. Kf1 Bxf4 34. gxf4
e6 35. d6 Ke8 36. Ke2 Kd7 37. Kd2 Bf5 38. Rc3 Kxd6 39. Rc6+ Kd5 40. Bxb6 e5 41.
fxe5 fxe5 42. Bc7 e4 43. fxe4+ Bxe4 44. Kc3 Bf3 45. Rd6+ Kc5 46. b6 Bc6 47. Rd4
g5 48. Rc4+ Kd5 49. Rd4+ Kc5 50. h4 gxh4 51. Rxh4 Be8 52. Re4 Bg6 53. Re5+ Kc6
54. Rxa5 h5 55. Rg5 Be8 56. Kb4 h4 57. Rg8 Bd7 58. Rg6+ 1-0

[Event "I Memorial Oliver Gonzalez Somoza"]
[Site "Madrid ESP"]
[Date "2010.10.14"]
[Round "6.8"]
[White "Almagro Llamas, Pablo"]
[Black "Rubio Mejia, Luis Ignacio"]
[Result "1/2-1/2"]
[WhiteElo "2451"]
[BlackElo "2373"]
[PlyCount "83"]
[EventDate "2010.10.09"]
[EventType "swiss"]
[EventRounds "9"]
[EventCountry "ESP"]
[Source "lmi"]
[SourceDate "2010.10.09"]

1. c4 e5 2. g3 Nf6 3. Bg2 Nc6 4. Nc3 Bb4 5. Nf3 O-O 6. O-O e4 7. Ng5 Bxc3 8.
bxc3 Re8 9. f3 e3 10. dxe3 b6 11. e4 Ba6 12. f4 h6 13. Nxf7 Qe7 14. e5 Qxf7 15.
exf6 Bxc4 16. Rf2 Qxf6 17. Qxd7 Re6 18. f5 Rd6 19. Qxc7 Rd1+ 20. Rf1 Rxf1+ 21.
Kxf1 Qxf5+ 22. Qf4 Qe6 23. Qe4 Re8 24. Qxe6+ Rxe6 25. Bxc6 Rxc6 26. Be3 Re6 27.
Kf2 Re5 28. a3 Kf7 29. Rd1 Rd5 30. Bd4 Ra5 31. Ra1 Rb5 32. Ke3 Rb2 33. Rf1+ Ke7
34. Rf2 g6 35. h4 h5 36. Be5 b5 37. Bd4 a5 38. Bb6 a4 39. Bc5+ Ke6 40. Bd4 Ke7
41. Bf6+ Ke8 42. Bd4 1/2-1/2

[Event "I Memorial Oliver Gonzalez Somoza"]
[Site "Madrid ESP"]
[Date "2010.10.14"]
[Round "6.9"]
[White "Del Rio De Angelis, Salvador G"]
[Black "Suarez Uriel, Adrian"]
[Result "1-0"]
[WhiteElo "2515"]
[BlackElo "2180"]
[PlyCount "83"]
[EventDate "2010.10.09"]
[EventType "swiss"]
[EventRounds "9"]
[EventCountry "ESP"]
[Source "lmi"]
[SourceDate "2010.10.09"]

1. d4 Nf6 2. Nf3 g6 3. e3 Bg7 4. Be2 d5 5. O-O O-O 6. b3 c5 7. Bb2 Nc6 8. Nbd2
b6 9. c4 cxd4 10. exd4 Ba6 11. Re1 Rc8 12. Rc1 Re8 13. Ne5 dxc4 14. Nxc6 Rxc6
15. bxc4 Rc7 16. Nf1 Ne4 17. Qa4 Bb7 18. Red1 Qa8 19. Ne3 Rd8 20. Qa3 Nd6 21.
h4 Qc8 22. h5 Ba6 23. hxg6 hxg6 24. Nd5 Rcd7 25. c5 Nb5 26. Bxb5 Bxb5 27. cxb6
Qb7 28. Ne3 Qxb6 29. d5 Bxb2 30. Qxb2 Rd6 31. Qe5 Qb7 32. Rd4 f6 33. Qg3 Be8
34. Rh4 g5 35. Rh6 Qb2 36. Rd1 Bg6 37. f4 Kg7 38. fxg5 fxg5 39. Qxg5 Qf6 40.
Qg3 Rf8 41. Rh4 Rh8 42. Rf4 1-0

[Event "I Memorial Oliver Gonzalez Somoza"]
[Site "Madrid ESP"]
[Date "2010.10.14"]
[Round "6.10"]
[White "Recuero Guerra, David"]
[Black "Paredes Sanchez, Juan"]
[Result "1-0"]
[WhiteElo "2457"]
[BlackElo "2206"]
[PlyCount "43"]
[EventDate "2010.10.09"]
[EventType "swiss"]
[EventRounds "9"]
[EventCountry "ESP"]
[Source "lmi"]
[SourceDate "2010.10.09"]

1. e4 c5 2. Nf3 d6 3. d4 Nf6 4. Nc3 cxd4 5. Nxd4 a6 6. Bg5 e6 7. Qd3 Nbd7 8.
O-O-O b5 9. f4 Bb7 10. e5 dxe5 11. fxe5 Nxe5 12. Qg3 Qb8 13. Be2 b4 14. Nxe6
fxe6 15. Bf4 bxc3 16. Bxe5 Ne4 17. Bh5+ g6 18. Bxg6+ hxg6 19. Qxg6+ Ke7 20.
Rhf1 Bh6+ 21. Kb1 Qe8 22. Bf6+ 1-0

[Event "I Memorial Oliver Gonzalez Somoza"]
[Site "Madrid ESP"]
[Date "2010.10.14"]
[Round "6.11"]
[White "Solaesa Navalpotro, Luis Julio"]
[Black "Roa Alonso, Santiago"]
[Result "0-1"]
[WhiteElo "2227"]
[BlackElo "2454"]
[PlyCount "108"]
[EventDate "2010.10.09"]
[EventType "swiss"]
[EventRounds "9"]
[EventCountry "ESP"]
[Source "lmi"]
[SourceDate "2010.10.09"]

1. d4 g6 2. Nf3 Nf6 3. Bf4 Bg7 4. e3 O-O 5. Be2 c5 6. c3 b6 7. h3 Ba6 8. Bxa6
Nxa6 9. O-O Qc8 10. Nbd2 Qb7 11. Qe2 d6 12. e4 cxd4 13. cxd4 Nb4 14. a3 Nc2 15.
Rac1 Nh5 16. Rxc2 Nxf4 17. Qe3 e5 18. Kh2 Rac8 19. Rfc1 Rxc2 20. Rxc2 Rc8 21.
Rxc8+ Qxc8 22. b3 Qc1 23. g3 Ne6 24. dxe5 dxe5 25. b4 h5 26. Kg2 Nd4 27. Qd3 b5
28. Nxd4 exd4 29. Nf3 Qc4 30. Ne1 h4 31. gxh4 Bh6 32. Qf3 Qc1 33. Nd3 Qxa3 34.
e5 Qb3 35. Qe4 Qc4 36. e6 Qxe6 37. Qxd4 Bg7 38. Qg4 Qd5+ 39. Qf3 Qc4 40. h5
gxh5 41. Nf4 Qxb4 42. Nxh5 Qd4 43. Qf5 b4 44. Qc8+ Bf8 45. Qf5 Be7 46. Qc8+ Bd8
47. Qb7 Bb6 48. Qc8+ Kh7 49. Qc2+ Kh6 50. Ng3 Qd5+ 51. Kg1 b3 52. Qc3 Kh7 53.
Qf6 Bd8 54. Qc3 a5 0-1

[Event "I Memorial Oliver Gonzalez Somoza"]
[Site "Madrid ESP"]
[Date "2010.10.14"]
[Round "6.13"]
[White "Bandres Carballo, Julio"]
[Black "Hernando Pertierra, Jose Carlos"]
[Result "0-1"]
[WhiteElo "2201"]
[BlackElo "2386"]
[PlyCount "52"]
[EventDate "2010.10.09"]
[EventType "swiss"]
[EventRounds "9"]
[EventCountry "ESP"]
[Source "lmi"]
[SourceDate "2010.10.09"]

1. d4 Nf6 2. Nc3 d5 3. Bg5 g6 4. Bxf6 exf6 5. e4 dxe4 6. Nxe4 f5 7. Nc5 Bg7 8.
Qe2+ Kf8 9. O-O-O b6 10. Nb3 Bb7 11. Nf3 a5 12. a4 Na6 13. h4 Nb4 14. Nbd2 Qd7
15. b3 c5 16. Nc4 cxd4 17. Nxd4 Qc7 18. Qd2 h5 19. f4 Be4 20. Rh3 Kg8 21. c3
Nd5 22. g3 Kh7 23. Bd3 Rhd8 24. Nb5 Qe7 25. Nd4 Nxc3 26. Qxc3 Rxd4 0-1

[Event "I Memorial Oliver Gonzalez Somoza"]
[Site "Madrid ESP"]
[Date "2010.10.14"]
[Round "6.14"]
[White "Semprun Martinez, Fernando"]
[Black "Perez Gonzalez, Jose Manuel"]
[Result "1-0"]
[WhiteElo "2173"]
[BlackElo "2318"]
[PlyCount "67"]
[EventDate "2010.10.09"]
[EventType "swiss"]
[EventRounds "9"]
[EventCountry "ESP"]
[Source "lmi"]
[SourceDate "2010.10.09"]

1. e4 c5 2. Nf3 Nc6 3. d4 cxd4 4. Nxd4 g6 5. c4 Nf6 6. Nc3 Nxd4 7. Qxd4 d6 8.
Bg5 Bg7 9. Qd2 Be6 10. Bd3 Rc8 11. Nd5 Bxd5 12. cxd5 O-O 13. O-O Nd7 14. Rac1
Nc5 15. b4 Nxd3 16. Qxd3 Qd7 17. f3 h6 18. Be3 Qa4 19. Qb3 Qxb3 20. axb3 a6 21.
Rc4 Bc3 22. Rxc8 Rxc8 23. Rc1 b5 24. Kf1 a5 25. bxa5 b4 26. a6 f5 27. a7 Kf7
28. Rc2 fxe4 29. fxe4 Kf6 30. Ra2 Ra8 31. Ke2 e6 32. Ra5 exd5 33. exd5 Ke5 34.
Kd3 1-0

[Event "I Memorial Oliver Gonzalez Somoza"]
[Site "Madrid ESP"]
[Date "2010.10.14"]
[Round "6.15"]
[White "Rodrigo Yanguas, Maria"]
[Black "Garcia Cuenca, Victor"]
[Result "0-1"]
[WhiteElo "2095"]
[BlackElo "2313"]
[PlyCount "148"]
[EventDate "2010.10.09"]
[EventType "swiss"]
[EventRounds "9"]
[EventCountry "ESP"]
[Source "lmi"]
[SourceDate "2010.10.09"]

1. e4 c5 2. Nf3 e6 3. d4 cxd4 4. Nxd4 Nf6 5. Nc3 d6 6. Be2 a6 7. O-O Be7 8. Be3
O-O 9. f4 Nc6 10. Qe1 Bd7 11. Rd1 Nxd4 12. Bxd4 Bc6 13. Bd3 b5 14. a3 g6 15.
Kh1 Qc7 16. e5 Nd7 17. Ne4 Bxe4 18. Bxe4 Rad8 19. Qg3 Nc5 20. Bf3 Rd7 21. b4
Na4 22. Be4 dxe5 23. Bxe5 Qc4 24. Bd3 Qc6 25. f5 exf5 26. Bxf5 Rxd1 27. Rxd1
Bf6 28. Bxf6 Qxf6 29. Bd3 Qb2 30. c4 Nc3 31. Rg1 Qxa3 32. cxb5 axb5 33. Qd6 Na2
34. Bxb5 Qxb4 35. Qxb4 Nxb4 36. Bc4 Kg7 37. Rb1 Nc6 38. Kg1 Rd8 39. Rb2 Ne5 40.
Be2 h5 41. Kf2 Rd4 42. Ra2 Nd7 43. Rc2 Nf6 44. Ra2 Rh4 45. h3 Rb4 46. Rc2 Ne4+
47. Ke3 Nd6 48. Bd3 h4 49. Rc6 Ne8 50. Bc4 Rb2 51. Kf3 Rc2 52. Bd5 Rd2 53. Bc4
Nd6 54. Ba6 Nf5 55. Rc7 Rd4 56. Bc4 Nd6 57. Be2 g5 58. Rc5 Rf4+ 59. Ke3 Nf5+
60. Kd3 Rd4+ 61. Kc3 Rf4 62. Bf3 Kf6 63. Rc6+ Ke5 64. Rc5+ Kd6 65. Rc6+ Kd7 66.
Ra6 Nd4 67. Ra7+ Kd6 68. Ra6+ Ke7 69. Ra7+ Kf8 70. Ra8+ Kg7 71. Bd5 Nb5+ 72.
Kb3 Nc7 73. Rd8 Rd4 74. Rd7 Nxd5 0-1

[Event "I Memorial Oliver Gonzalez Somoza"]
[Site "Madrid ESP"]
[Date "2010.10.14"]
[Round "6.16"]
[White "Nuñez Gutierrez, Juan Carlos"]
[Black "Piasetski, Leon"]
[Result "1/2-1/2"]
[WhiteElo "2079"]
[BlackElo "2303"]
[PlyCount "74"]
[EventDate "2010.10.09"]
[EventType "swiss"]
[EventRounds "9"]
[EventCountry "ESP"]
[Source "lmi"]
[SourceDate "2010.10.09"]

1. e4 g6 2. d4 Bg7 3. c4 d6 4. f4 c5 5. d5 e6 6. Bd3 Ne7 7. Nf3 exd5 8. exd5 b5
9. O-O bxc4 10. Bxc4 O-O 11. Nc3 Nd7 12. Re1 Nb6 13. Qe2 Re8 14. Bd2 Nxc4 15.
Qxc4 Rb8 16. b3 Bd7 17. Rad1 Qb6 18. Kh1 Qb4 19. Ne4 Qxc4 20. bxc4 Nc8 21. Ba5
Rb7 22. h3 h6 23. Kh2 f5 24. Ng3 Kf7 25. Rb1 Rxb1 26. Rxb1 Nb6 27. Nd2 Re3 28.
Bxb6 axb6 29. Rxb6 Ke7 30. Rb3 Bd4 31. Nf3 Ba4 32. Rb7+ Kd8 33. Nh4 Re1 34.
Nxg6 Bc2 35. Rb6 Kd7 36. Rb7+ Kc8 37. Rf7 Bg1+ 1/2-1/2

[Event "I Memorial Oliver Gonzalez Somoza"]
[Site "Madrid ESP"]
[Date "2010.10.14"]
[Round "6.18"]
[White "Lopez Heras, Arturo"]
[Black "Madina Yadarola, Martin"]
[Result "0-1"]
[WhiteElo "2013"]
[BlackElo "2254"]
[PlyCount "70"]
[EventDate "2010.10.09"]
[EventType "swiss"]
[EventRounds "9"]
[EventCountry "ESP"]
[Source "lmi"]
[SourceDate "2010.10.09"]

1. e4 Nc6 2. Bc4 e6 3. Nf3 a6 4. d4 d5 5. exd5 exd5 6. Qe2+ Be7 7. Bb3 Bg4 8.
c3 Nf6 9. O-O O-O 10. Bg5 Ne4 11. Bxe7 Nxe7 12. h3 Bh5 13. g4 Bg6 14. Nbd2 Kh8
15. Ne5 f5 16. Nxe4 fxe4 17. f4 exf3 18. Rxf3 Qd6 19. Raf1 Rf6 20. g5 Rxf3 21.
Qxf3 c6 22. Bc2 Qe6 23. Bxg6 Nxg6 24. Nxg6+ hxg6 25. Kg2 Re8 26. Kg3 b6 27. h4
c5 28. h5 Qd6+ 29. Kg2 cxd4 30. hxg6 Qxg6 31. Rh1+ Kg8 32. Qxd5+ Qe6 33. Qxd4
Qe2+ 34. Qf2 Qg4+ 35. Kf1 Rd8 0-1

[Event "I Memorial Oliver Gonzalez Somoza"]
[Site "Madrid ESP"]
[Date "2010.10.14"]
[Round "6.19"]
[White "Garcia Ruido, Ricardo"]
[Black "Paunovic, Dragan"]
[Result "0-1"]
[WhiteElo "2061"]
[BlackElo "2559"]
[PlyCount "54"]
[EventDate "2010.10.09"]
[EventType "swiss"]
[EventRounds "9"]
[EventCountry "ESP"]
[Source "lmi"]
[SourceDate "2010.10.09"]

1. e4 c5 2. Nf3 a6 3. c4 e6 4. d4 cxd4 5. Nxd4 Nf6 6. Bd3 Nc6 7. Nxc6 dxc6 8.
O-O e5 9. Kh1 Bc5 10. Bg5 h6 11. Bh4 g5 12. Bg3 Qe7 13. Nc3 h5 14. f3 h4 15.
Bf2 Nh5 16. Ne2 Be6 17. Qe1 O-O-O 18. Rd1 Rd7 19. Kg1 Rhd8 20. Qc3 f6 21. a3
Bxf2+ 22. Rxf2 Qc5 23. Nc1 Nf4 24. b3 Qxa3 25. Rff1 Qc5+ 26. Kh1 h3 27. g3 Nxd3
0-1

[Event "I Memorial Oliver Gonzalez Somoza"]
[Site "Madrid ESP"]
[Date "2010.10.14"]
[Round "6.20"]
[White "Valles Moreno, Ivan"]
[Black "Perez Llera, Javier"]
[Result "1-0"]
[WhiteElo "2403"]
[BlackElo "2066"]
[PlyCount "121"]
[EventDate "2010.10.09"]
[EventType "swiss"]
[EventRounds "9"]
[EventCountry "ESP"]
[Source "lmi"]
[SourceDate "2010.10.09"]

1. d4 d5 2. c4 c6 3. Nf3 Nf6 4. Nc3 dxc4 5. a4 Bf5 6. Ne5 Nbd7 7. Nxc4 e6 8. g3
Bb4 9. Bg2 Be4 10. Bxe4 Nxe4 11. O-O Ndf6 12. Qb3 a5 13. Bf4 O-O 14. Rfd1 Bxc3
15. bxc3 Nd5 16. Bd2 b5 17. Ne5 Qc7 18. Be1 c5 19. axb5 cxd4 20. cxd4 Ndc3 21.
Bxc3 Qxc3 22. Qb1 Nd6 23. Rd3 Qb4 24. Qxb4 axb4 25. Rb1 Nxb5 26. Rxb4 Nc7 27.
e4 Rfb8 28. Rxb8+ Rxb8 29. Kg2 f6 30. Nc6 Rb6 31. Rc3 Nb5 32. Rc5 Nd6 33. e5
Nb7 34. Rc2 Kf7 35. Nb8 Na5 36. Rc7+ Kg6 37. Nd7 Rb7 38. Nf8+ Kf5 39. Rc3 Rb3
40. Rc5 Nb7 41. exf6+ Kxf6 42. Re5 h6 43. Nxe6 Rb6 44. Nf4 Rd6 45. Nd5+ Kg6 46.
h4 Nd8 47. Nf4+ Kf6 48. Rd5 Ke7 49. Kf3 g5 50. hxg5 hxg5 51. Rxd6 Kxd6 52. Ne2
Ke6 53. Kg4 Nf7 54. Ng1 Kf6 55. Nf3 Nh6+ 56. Kh5 Nf5 57. g4 Ng7+ 58. Kh6 Ne6
59. d5 Nc7 60. d6 Ne8 61. d7 1-0

[Event "I Memorial Oliver Gonzalez Somoza"]
[Site "Madrid ESP"]
[Date "2010.10.14"]
[Round "6.21"]
[White "Taboas Rodriguez, Daniel"]
[Black "Vilarnovo Caamaño, Jose"]
[Result "1-0"]
[WhiteElo "2381"]
[BlackElo "2059"]
[PlyCount "57"]
[EventDate "2010.10.09"]
[EventType "swiss"]
[EventRounds "9"]
[EventCountry "ESP"]
[Source "lmi"]
[SourceDate "2010.10.09"]

1. d4 f5 2. Bg5 g6 3. Nd2 Bg7 4. e4 fxe4 5. Nxe4 d5 6. Nc5 b6 7. Nb3 Nh6 8. Nf3
Nf7 9. Bh4 O-O 10. Be2 c5 11. O-O c4 12. Nbd2 Nc6 13. c3 Bf5 14. Re1 b5 15. Nf1
h6 16. Ne3 Qd7 17. Nxf5 Qxf5 18. Qd2 Nd6 19. Bd1 Ne4 20. Qe3 g5 21. Bg3 h5 22.
Bc2 h4 23. Be5 Nxe5 24. dxe5 g4 25. Nxh4 Qxf2+ 26. Qxf2 Nxf2 27. Ng6 Rf7 28. e6
Rff8 29. Nxe7+ 1-0